|
|
|
|
| LEADER |
00000cam a22000004a 4500 |
| 001 |
musev2_28490 |
| 003 |
MdBmJHUP |
| 005 |
20230905043022.0 |
| 006 |
m o d |
| 007 |
cr||||||||nn|n |
| 008 |
130531s2014 ilu o 00 0 eng d |
| 010 |
|
|
|z 2013021634
|
| 020 |
|
|
|a 9780809333011
|
| 020 |
|
|
|z 9780809333004
|
| 035 |
|
|
|a (OCoLC)868964478
|
| 040 |
|
|
|a MdBmJHUP
|c MdBmJHUP
|
| 100 |
1 |
|
|a Skinner, Carolyn,
|d 1977-
|e author.
|
| 245 |
1 |
0 |
|a Women Physicians and Professional Ethos in Nineteenth-Century America /
|c Carolyn Skinner.
|
| 264 |
|
1 |
|a Carbondale :
|b Southern Illinois University Press,
|c [2014]
|
| 264 |
|
3 |
|a Baltimore, Md. :
|b Project MUSE,
|c 2014
|
| 264 |
|
4 |
|c ©[2014]
|
| 300 |
|
|
|a 1 online resource (240 pages):
|b illustrations ;
|
| 336 |
|
|
|a text
|b txt
|2 rdacontent
|
| 337 |
|
|
|a computer
|b c
|2 rdamedia
|
| 338 |
|
|
|a online resource
|b cr
|2 rdacarrier
|
| 490 |
0 |
|
|a Studies in rhetorics and feminisms
|
| 505 |
0 |
|
|a Debating the character of the woman physician -- Prescribing for society: women physicians' reform rhetoric -- Educating the public: women physicians' popular health advice -- Teaching women to talk about sex -- Developing collective ethos in medical editorial writing -- Revising the physician's ethos: women physicians' medical research.
|
| 588 |
|
|
|a Description based on print version record.
|
| 650 |
|
7 |
|a Women physicians
|x Employment
|x Social aspects.
|2 fast
|0 (OCoLC)fst01178298
|
| 650 |
|
7 |
|a Women physicians.
|2 fast
|0 (OCoLC)fst01178296
|
| 650 |
|
7 |
|a Women in medicine.
|2 fast
|0 (OCoLC)fst01177924
|
| 650 |
|
7 |
|a Vocational qualifications.
|2 fast
|0 (OCoLC)fst01168643
|
| 650 |
|
7 |
|a MEDICAL
|x History.
|2 bisacsh
|
| 650 |
|
7 |
|a HISTORY
|z United States
|x 19th Century.
|2 bisacsh
|
| 650 |
|
7 |
|a SOCIAL SCIENCE
|x Women's Studies.
|2 bisacsh
|
| 650 |
|
7 |
|a SOCIAL SCIENCE
|x Feminism & Feminist Theory.
|2 bisacsh
|
| 650 |
|
7 |
|a LANGUAGE ARTS & DISCIPLINES
|x Rhetoric.
|2 bisacsh
|
| 650 |
|
6 |
|a Medecine
|x Histoire
|y 19e siecle.
|
| 650 |
|
6 |
|a Qualifications professionnelles.
|
| 650 |
|
6 |
|a Femmes medecins
|x Travail
|x Aspect social.
|
| 650 |
|
6 |
|a Femmes en medecine
|z États-Unis
|x Histoire
|y 19e siecle.
|
| 650 |
|
6 |
|a Femmes medecins
|z États-Unis
|x Histoire
|y 19e siecle.
|
| 650 |
2 |
2 |
|a History, 19th Century
|
| 650 |
2 |
2 |
|a Women's Rights
|x history
|
| 650 |
2 |
2 |
|a Women, Working
|x history
|
| 650 |
2 |
2 |
|a Education, Medical
|x history
|
| 650 |
2 |
2 |
|a Professional Competence
|
| 650 |
1 |
2 |
|a Physicians, Women
|x history
|
| 650 |
|
0 |
|a Vocational qualifications.
|
| 650 |
|
0 |
|a Women physicians
|x Employment
|x Social aspects.
|
| 650 |
|
0 |
|a Women in medicine
|z United States
|x History
|y 19th century.
|
| 650 |
|
0 |
|a Women physicians
|z United States
|x History
|y 19th century.
|
| 651 |
|
7 |
|a United States.
|2 fast
|0 (OCoLC)fst01204155
|
| 651 |
|
2 |
|a United States
|
| 655 |
|
7 |
|a History.
|2 fast
|0 (OCoLC)fst01411628
|
| 655 |
|
7 |
|a Electronic books.
|2 local
|
| 710 |
2 |
|
|a Project Muse.
|e distributor
|
| 830 |
|
0 |
|a Book collections on Project MUSE.
|
| 856 |
4 |
0 |
|z Texto completo
|u https://projectmuse.uam.elogim.com/book/28490/
|
| 945 |
|
|
|a Project MUSE - Custom Collection
|
| 945 |
|
|
|a Project MUSE - 2014 Higher Education
|
| 945 |
|
|
|a Project MUSE - 2014 Complete
|